000 00314nam a22001337a 4500
008 170529b xxu||||| |||| 00| 0 eng d
020 _a9780805841473
041 _aeng
080 _a621.38
100 _a25
101 _aIM
245 _aELECTRONIC COLLABORATION IN THE HUMANITIES
_cINMAN, J.A
942 _2udc
_cBK
999 _c14860
_d14860